000
00323 a2200157 4500
001
60278
020
_a
040
_c
Anchieta - Pituba
100
_a
Castro, Ferreira de
240
1
0
_a
Obra Completa
_l
por
245
1
0
_a
Obra Completa
300
_a
1037
362
0
_a
1958
650
4
_a
Ficção portuguesa
942
_c
BK
999
_c
60278
_d
60278